Statistics for All Minneapolis Neighborhoods

Click here to take the quiz!

General Stats

  • This quiz has been taken 94 times
  • The average score is 27 of 84

Answer Stats

#NeighborhoodPop.% Correct
7Uptown21,800
75%
5Northeast Minneapolis36,255
74%
49North Loop4,291
72%
10Marcy-Holmes10,015
70%
1Powderhorn54,743
69%
64Cedar-Isles-Dean2,925
66%
8Phillips20,315
59%
37Webber-Camden5,097
59%
6Camden28,778
56%
16Loring Park7,873
52%
25Como6,288
51%
40Longfellow4,895
51%
50Minnehaha3,980
51%
18Prospect Park7,457
51%
20Seward7,308
51%
14Central8,307
49%
2Central Minneapolis51,288
49%
34Hiawatha5,461
49%
44Lind-Bohanon4,569
49%
67Bryn Mawr2,651
48%
52Lowry Hill3,760
48%
4Nokomis37,021
46%
15Cedar-Riverside8,094
44%
19Lyndale7,419
43%
9Whittier13,689
43%
27Near North5,968
41%
79Downtown East1,254
39%
21Elliot Park6,693
39%
77Kenwood1,414
39%
30Downtown West5,781
38%
48Tangletown4,351
38%
41Armatage4,880
34%
11Jordan9,149
34%
17King Field7,473
34%
23Ventura Village6,537
34%
38Windom4,980
34%
55Cooper3,503
31%
45Hawthorne4,567
31%
54Kenny3,523
31%
3Southwest Minneapolis48,076
31%
28Fulton5,860
30%
29Lynnhurst5,826
28%
56Bancroft3,371
26%
66Bryant2,833
26%
57Harrison3,211
26%
33Diamond Lake5,480
25%
69Field2,366
25%
22Howe6,608
25%
24Standish6,527
25%
62Shingle Creek3,031
23%
13Willard-Hay8,611
23%
63Cleveland3,025
21%
53East Harriet3,604
21%
35Folwell5,344
21%
58Hale3,176
21%
84Nicollet Island144
21%
47Northrop4,369
21%
74Page1,730
21%
70Regina2,292
21%
71St. Anthony West2,200
21%
43Victory4,580
21%
59East Isles3,169
20%
72Logan Park2,179
20%
65Sheridan2,884
20%
46Wenona4,521
20%
76Columbia Park1,563
18%
51Corcoran3,942
18%
60McKinley3,132
18%
39Audubon Park4,962
16%
75Bottineau1,656
16%
61Keewaydin3,096
16%
83Mid-City Industrial209
16%
36Waite Park5,244
16%
68ECCO2,453
15%
81Northeast Park672
15%
73St. Anthony East2,081
15%
26Lowry Hill East6,150
13%
32Carag5,647
11%
12Powderhorn Park8,655
10%
31Windom Park5,678
10%
42Phillips West4,727
8%
82Humboldt Industrial448
7%
80Camden Industrial917
5%
78Marshall Terraces1,381
2%

Score Distribution

Percentile by Number Answered

Percent of People with Each Score

Your Score History

You have not taken this quiz